000 00782nam a2200253Ia 4500
003 OSt
005 20220925212910.0
006 a|||||r|||| 00| 0
007 ta
008 220923b |||||||| |||| 00| 0 eng d
037 _cGeneral Book
040 _aRTL
_cRTL
_beng
041 _2eng
_aeng
082 _aY.6.N9, N9
100 _aLewis Loan M
_9277584
245 0 _aArguments with ethnography
_b Comparative approaches to history, Polotics & Regions
260 _aLondon
_bAthlone Press
_c1999
300 _axvii, 167p
_ccm.
490 _aLondon School of Economics, Monograph on Social Anthropology; No.70
500 _aBibliography: P 145-62
650 _aSociology
942 _hY.6.N9, N9
_cGB
_2CC
999 _c561515
_d561515